00657cam a22002051i 45000010005000000030008000050050017000130080041000300350018000710350018000890400044001070410008001510820022001592450088001812600051002693000036003205040036003566500037003927000022004295823BD-RjUL20211208234133.0140107s1967 paue b 001 0 eng d a(BD-RjUL)5862 a(OCoLC)315719 aDLCcOYUdOCoLCdOdDLCd(BD-RjUL)beng aeng00223a344.044 bPLA10aPlanning community services for the mentally retarded /cedited by Edward L. Meyen. aScranton :bInternational Textbook Co.,cc1967 axiii, 394 p. :bplans ;c23 cm. aIncludes Bibliography and Index 0aPeople with mental disabilities.1 a Edward L. Meyen.